| 000 | 00973nam a2200265 a 4500 | ||
|---|---|---|---|
| 008 | |||
| 020 | _a9231038818 (pbk.) | ||
| 049 | _aMAIN | ||
| 090 | 0 | 0 | _aTC405 |
| 110 | 2 | _aWorld Water Assessment Programme (United Nations) | |
| 245 | 1 | 0 |
_aWater for people, water for life : _ba joint report by the twenty three UN agencies concerned with freshwater / _cWorld Water Assessment Programme. |
| 260 |
_aNew York : _bUNESCO Pub. : _bBerghahn Books, _c2003. |
||
| 300 |
_axxiii, 576 p. : _bcol. ill., col. maps ; _c28 cm. |
||
| 440 | 4 | _aThe United Nations world water development report. | |
| 504 | _aIncludes bibliographical references. | ||
| 500 | _aIncludes index. | ||
| 650 | 0 | _aWater resources development. | |
| 650 | 0 |
_aWater-supply _xManagement. |
|
| 650 | 0 | _aWater quality management. | |
| 907 |
_a.b10126934 _b17-06-04 _c15-06-04 |
||
| 003 | |||
| 005 | 20230123133739.0 | ||
| 040 | _cNUST | ||
| 942 |
_cBOOKS _kTC405 |
||
| 999 |
_c153938 _d153938 |
||